[Event "Kerkinitida 2021"]
[Site "Yevpatoria"]
[Date "2021.10.24"]
[Round "6.4"]
[White "Tihonov, Gennady"]
[Black "Chos, Alexey"]
[Result "0-1"]
[WhiteElo "1827"]
[BlackElo "2296"]
[Annotator "ChessBase"]
[PlyCount "198"]
[EventDate "2021.10.19"]
[EventType "swiss"]
[SourceTitle "playchess.com"]
[Source "ChessBase"]
[SourceQuality "1"]
[TimeControl "5400+30"]

1. d4 {[%emt 0:00:04]} Nf6 {[%emt 0:02:54]} 2. Nf3 {[%emt 0:00:19]} d6 {[%emt 0:00:22]} 3. g3 {[%emt 0:02:21]} b5 {[%emt 0:00:51]} 4. Bg2 {[%emt 0:00:41]} Bb7 {[%emt 0:00:02]} 5. O-O {[%emt 0:00:32]} Nbd7 {[%emt 0:00:03]} 6. Re1 {[%emt 0:02:14]} a6 {[%emt 0:02:12]} 7. Nbd2 {[%emt 0:02:01]} c5 {[%emt 0:00:22]} 8. c3 {[%emt 0:01:14]} cxd4 {[%emt 0:00:21]} 9. cxd4 {[%emt 0:01:15]} e6 {[%emt 0:02:32]} 10. b3 {[%emt 0:03:55]} Be7 {[%emt 0:00:35]} 11. Bb2 {[%emt 0:00:05]} Nb6 {[%emt 0:00:13]} 12. e4 {[%emt 0:00:41]} d5 {[%emt 0:00:16]} 13. e5 {[%emt 0:01:17]} Nfd7 {[%emt 0:00:04]} 14. Nf1 {[%emt 0:04:26]} a5 {[%emt 0:00:22]} 15. Ne3 {[%emt 0:01:45]} a4 {[%emt 0:00:13]} 16. Bf1 {[%emt 0:01:18]} Ba6 {[%emt 0:00:26]} 17. Qd2 {[%emt 0:02:16]} O-O {[%emt 0:00:40]} 18. Bc3 {[%emt 0:00:55]} Nb8 {[%emt 0:00:16]} 19. Nc2 {[%emt 0:02:55]} Nc6 {[%emt 0:01:12]} 20. Rec1 {[%emt 0:02:45]} Qd7 {[%emt 0:01:51]} 21. Nb4 {[%emt 0:00:49]} Nb8 {[%emt 0:00:53]} 22. Bd3 {[%emt 0:09:22]} Rc8 {[%emt 0:00:59]} 23. h4 {[%emt 0:01:28]} Bb7 {[%emt 0:01:57]} 24. h5 {[%emt 0:02:48]} Na6 {[%emt 0:04:29]} 25. Nxa6 {[%emt 0:02:26]} Rxa6 {[%emt 0:02:24]} 26. Bb4 {[%emt 0:01:38]} Rxc1+ {[%emt 0:04:17]} 27. Rxc1 {[%emt 0:00:08]} axb3 {[%emt 0:00:14]} 28. axb3 {[%emt 0:00:19]} Nc4 {[%emt 0:09:08]} 29. bxc4 {[%emt 0:02:59]} dxc4 {[%emt 0:00:40]} 30. Be2 {[%emt 0:00:21]} h6 {[%emt 0:00:13]} 31. Bxe7 {[%emt 0:04:54]} Qxe7 {[%emt 0:00:13]} 32. Qb2 {[%emt 0:00:01]} Bc6 {[%emt 0:05:37]} 33. Ne1 {[%emt 0:06:26]} Ra3 {[%emt 0:03:08]} 34. Rc3 {[%emt 0:01:31]} Rxc3 {[%emt 0:01:28]} 35. Qxc3 {[%emt 0:00:04]} Bd5 {[%emt 0:02:08]} 36. Nc2 {[%emt 0:01:10]} Be4 {[%emt 0:02:35]} 37. Nb4 {[%emt 0:06:16]} Qa7 {[%emt 0:00:28]} 38. f3 {[%emt 0:01:45]} Bb7 {[%emt 0:00:35]} 39. Kf2 {[%emt 0:00:54]} Qa4 {[%emt 0:01:01]} 40. Ke1 {[%emt 0:00:32]} Qa8 {[%emt 0:00:24]} 41. Bd1 {[%emt 0:00:15]} Qd8 {[%emt 0:00:15]} 42. f4 {[%emt 0:04:06]} Be4 {[%emt 0:03:13]} 43. Kf2 {[%emt 0:01:16]} g5 {[%emt 0:00:29]} 44. hxg6 {[%emt 0:00:18]} Bxg6 {[%emt 0:00:26]} 45. Bc2 {[%emt 0:02:08]} Bxc2 {[%emt 0:00:13]} 46. Nxc2 {[%emt 0:00:07]} Qa8 {[%emt 0:00:01]} 47. Ne3 {[%emt 0:03:02]} Qe4 {[%emt 0:01:27]} 48. Ng4 {[%emt 0:03:09]} Kg7 {[%emt 0:00:23]} 49. Nh2 {[%emt 0:04:05]} Qb1 {[%emt 0:03:32]} 50. Nf3 {[%emt 0:00:50]} Qa2+ {[%emt 0:00:10]} 51. Nd2 {[%emt 0:03:06]} b4 {[%emt 0:01:55]} 52. Qxb4 {[%emt 0:00:56]} Qc2 {[%emt 0:00:08]} 53. Qxc4 {[%emt 0:04:01]} Qxd2+ {[%emt 0:00:38]} 54. Kf3 {[%emt 0:00:12]} h5 {[%emt 0:01:40]} 55. Qa4 {[%emt 0:03:28]} Qd3+ {[%emt 0:00:15]} 56. Kg2 {[%emt 0:00:29]} Qe2+ {[%emt 0:00:08]} 57. Kg1 {[%emt 0:00:44]} Qf3 {[%emt 0:00:13]} 58. Kh2 {[%emt 0:00:12]} Qf2+ {[%emt 0:00:47]} 59. Kh3 {[%emt 0:00:43]} Qg1 {[%emt 0:00:12]} 60. Qc6 {[%emt 0:01:05]} Qxd4 {[%emt 0:00:07]} 61. Qf3 {[%emt 0:00:01]} Kh6 {[%emt 0:01:38]} 62. Kh4 {[%emt 0:02:27]} Qd8+ {[%emt 0:00:06]} 63. Kh3 {[%emt 0:00:04]} Qd5 {[%emt 0:01:25]} 64. Kg2 {[%emt 0:01:41]} Qd2+ {[%emt 0:03:51]} 65. Kf1 {[%emt 0:01:12]} Qc1+ {[%emt 0:07:35]} 66. Ke2 {[%emt 0:00:13]} Qc2+ {[%emt 0:00:49]} 67. Ke3 {[%emt 0:01:43]} Qf5 {[%emt 0:00:40]} 68. Kd4 {[%emt 0:00:56]} Kg7 {[%emt 0:00:57]} 69. Qe3 {[%emt 0:01:09]} Qg4 {[%emt 0:00:14]} 70. Kc5 {[%emt 0:00:10]} Qd1 {[%emt 0:01:14]} 71. Kc4 {[%emt 0:00:13]} Qd5+ {[%emt 0:00:12]} 72. Kc3 {[%emt 0:00:13]} Kg6 {[%emt 0:00:09]} 73. Kb4 {[%emt 0:01:00]} Kf5 {[%emt 0:00:10]} 74. Qa7 {[%emt 0:00:25]} Kg6 {[%emt 0:01:15]} 75. Qe7 {[%emt 0:00:28]} Qd4+ {[%emt 0:03:14]} 76. Kb5 {[%emt 0:00:20]} Kg7 {[%emt 0:00:58]} 77. Qg5+ {[%emt 0:01:30]} Kf8 {[%emt 0:00:03]} 78. Qxh5 {[%emt 0:00:33]} Qd3+ {[%emt 0:01:10]} 79. Kc5 {[%emt 0:00:11]} Qxg3 {[%emt 0:00:27]} 80. Qh8+ {[%emt 0:00:19]} Ke7 {[%emt 0:00:05]} 81. Qf6+ {[%emt 0:00:12]} Ke8 {[%emt 0:00:03]} 82. Kd6 {[%emt 0:00:58]} Qd3+ {[%emt 0:00:25]} 83. Kc5 {[%emt 0:00:37]} Qc3+ {[%emt 0:00:17]} 84. Kd6 {[%emt 0:00:08]} Qb4+ {[%emt 0:00:52]} 85. Kc6 {[%emt 0:00:38]} Qa4+ {[%emt 0:00:16]} 86. Kc5 {[%emt 0:00:46]} Qa5+ {[%emt 0:00:05]} 87. Kc6 {[%emt 0:00:22]} Qa6+ {[%emt 0:00:22]} 88. Kc7 {[%emt 0:00:14]} Qa5+ {[%emt 0:00:38]} 89. Kc6 {[%emt 0:00:11]} Qd5+ {[%emt 0:01:24]} 90. Kb6 {[%emt 0:00:48]} Qc4 {[%emt 0:00:09]} 91. Kb7 {[%emt 0:00:19]} Qc5 {[%emt 0:00:08]} 92. Ka6 {[%emt 0:01:02]} Qb4 {[%emt 0:00:09]} 93. Ka7 {[%emt 0:00:57]} Qb5 {[%emt 0:00:09]} 94. Qh8+ {[%emt 0:00:35]} Kd7 {[%emt 0:00:02]} 95. Qf8 {[%emt 0:00:44]} Qa5+ {[%emt 0:00:16]} 96. Kb7 {[%emt 0:00:26]} Qc7+ {[%emt 0:00:04]} 97. Ka6 {[%emt 0:00:16]} Kc6 {[%emt 0:00:08]} 98. Qe8+ {[%emt 0:00:22]} Kd5 {[%emt 0:00:13]} 99. Qa4 {[%emt 0:00:13]} Qc6+ {[%emt 0:00:07]} 0-1

[Event "Kerkinitida 2021"]
[Site "Yevpatoria"]
[Date "2021.10.24"]
[Round "6.5"]
[White "Polukhin, Alexander"]
[Black "Baranov, Jury"]
[Result "0-1"]
[WhiteElo "2152"]
[BlackElo "2147"]
[Annotator "ChessBase"]
[PlyCount "68"]
[EventDate "2021.10.19"]
[EventType "swiss"]
[SourceTitle "playchess.com"]
[Source "ChessBase"]
[SourceQuality "1"]
[TimeControl "5400+30"]

1. e4 {[%emt 0:00:03]} e6 {[%emt 0:00:17]} 2. b3 {[%emt 0:00:05]} d5 {[%emt 0:00:21]} 3. Bb2 {[%emt 0:00:09]} dxe4 {[%emt 0:00:34]} 4. Nc3 {[%emt 0:00:08]} Nf6 {[%emt 0:00:18]} 5. Qe2 {[%emt 0:00:08]} Be7 {[%emt 0:00:21]} 6. O-O-O {[%emt 0:00:13]} O-O {[%emt 0:00:34]} 7. g4 {[%emt 0:00:13]} a5 {[%emt 0:03:08]} 8. a4 {[%emt 0:01:41]} c6 {[%emt 0:02:38]} 9. g5 {[%emt 0:04:09]} Nd5 {[%emt 0:00:29]} 10. h4 {[%emt 0:00:45]} Na6 {[%emt 0:31:21]} 11. Qxe4 {[%emt 0:11:46]} Nc5 {[%emt 0:07:23]} 12. Qd4 {[%emt 0:07:54]} f6 {[%emt 0:09:09]} 13. Bg2 {[%emt 0:07:32]} Qc7 {[%emt 0:02:33]} 14. Nh3 {[%emt 0:08:26]} Kh8 {[%emt 0:02:52]} 15. f4 {[%emt 0:09:47]} e5 {[%emt 0:08:11]} 16. Qc4 {[%emt 0:15:50]} Nb4 {[%emt 0:10:42]} 17. gxf6 {[%emt 0:10:39]} gxf6 {[%emt 0:00:01]} 18. Ne4 {[%emt 0:00:51]} b5 {[%emt 0:04:51]} 19. Qe2 {[%emt 0:02:44]} bxa4 {[%emt 0:01:07]} 20. Nxc5 {[%emt 0:04:16]} a3 {[%emt 0:00:47]} 21. Ba1 {[%emt 0:03:05]} Bxc5 {[%emt 0:01:12]} 22. fxe5 {[%emt 0:00:44]} Bf5 {[%emt 0:03:06]} 23. exf6 {[%emt 0:01:32]} Qf7 {[%emt 0:00:02]} 24. Qc4 {[%emt 0:03:11]} Qxc4 {[%emt 0:00:17]} 25. bxc4 {[%emt 0:00:18]} Nxc2 {[%emt 0:00:02]} 26. Bc3 {[%emt 0:04:30]} Nd4 {[%emt 0:00:02]} 27. d3 {[%emt 0:00:37]} Rab8 {[%emt 0:00:56]} 28. Kd2 {[%emt 0:01:36]} Bb4 {[%emt 0:01:30]} 29. Rb1 {[%emt 0:00:41]} c5 {[%emt 0:00:23]} 30. Nf4 {[%emt 0:01:07]} Rxf6 {[%emt 0:00:44]} 31. Nd5 {[%emt 0:00:43]} Rg6 {[%emt 0:00:18]} 32. Bf1 {[%emt 0:00:32]} Bxc3+ {[%emt 0:01:37]} 33. Nxc3 {[%emt 0:00:27]} Rxb1 {[%emt 0:00:09]} 34. Nxb1 {[%emt 0:00:13]} a2 {[%emt 0:00:06]} 0-1

[Event "Kerkinitida 2021"]
[Site "Yevpatoria"]
[Date "2021.10.24"]
[Round "6.6"]
[White "Brusilovskiy, Boris"]
[Black "Polukhin, Sergey"]
[Result "1/2-1/2"]
[WhiteElo "2067"]
[BlackElo "1410"]
[Annotator "ChessBase"]
[PlyCount "98"]
[EventDate "2021.10.19"]
[EventType "swiss"]
[SourceTitle "playchess.com"]
[Source "ChessBase"]
[SourceQuality "1"]
[TimeControl "5400+30"]

1. e4 {[%emt 0:00:05]} c5 {[%emt 0:00:07]} 2. c3 {[%emt 0:00:28]} g6 {[%emt 0:00:11]} 3. d4 {[%emt 0:00:46]} cxd4 {[%emt 0:00:14]} 4. cxd4 {[%emt 0:01:20]} d5 {[%emt 0:00:27]} 5. e5 {[%emt 0:01:44]} Nc6 {[%emt 0:00:56]} 6. Nf3 {[%emt 0:00:36]} Bg4 {[%emt 0:01:36]} 7. Be2 {[%emt 0:03:44]} Nh6 {[%emt 0:01:43]} 8. O-O {[%emt 0:00:52]} Nf5 {[%emt 0:03:16]} 9. Nbd2 {[%emt 0:05:11]} a5 {[%emt 0:08:20]} 10. h3 {[%emt 0:13:53]} Bxf3 {[%emt 0:00:20]} 11. Nxf3 {[%emt 0:00:07]} Qb6 {[%emt 0:03:55]} 12. Bd3 {[%emt 0:06:46]} Nfxd4 {[%emt 0:09:40]} 13. Nxd4 {[%emt 0:03:41]} Qxd4 {[%emt 0:01:52]} 14. Qb3 {[%emt 0:08:12]} Qb4 {[%emt 0:12:14]} 15. Qxd5 {[%emt 0:09:34]} Rd8 {[%emt 0:00:26]} 16. Qb5 {[%emt 0:00:23]} Bg7 {[%emt 0:04:26]} 17. Be3 {[%emt 0:07:45]} Qxb5 {[%emt 0:04:25]} 18. Bxb5 {[%emt 0:00:06]} Bxe5 {[%emt 0:00:04]} 19. Bh6 {[%emt 0:07:00]} f6 {[%emt 0:04:00]} 20. h4 {[%emt 0:07:11]} Kf7 {[%emt 0:01:16]} 21. Rae1 {[%emt 0:02:31]} Rd4 {[%emt 0:06:01]} 22. f4 {[%emt 0:02:11]} Bd6 {[%emt 0:03:23]} 23. b3 {[%emt 0:01:38]} Re8 {[%emt 0:05:20]} 24. g3 {[%emt 0:03:05]} Rd2 {[%emt 0:04:21]} 25. f5 {[%emt 0:00:21]} Rd4 {[%emt 0:05:58]} 26. Bc4+ {[%emt 0:01:54]} Rxc4 {[%emt 0:00:45]} 27. bxc4 {[%emt 0:00:03]} Bxg3 {[%emt 0:00:11]} 28. Rb1 {[%emt 0:03:11]} gxf5 {[%emt 0:07:22]} 29. Rxb7 {[%emt 0:01:11]} Rg8 {[%emt 0:01:07]} 30. Kh1 {[%emt 0:00:27]} Rg4 {[%emt 0:00:36]} 31. Bd2 {[%emt 0:01:41]} f4 {[%emt 0:04:25]} 32. Be1 {[%emt 0:04:21]} Rxh4+ {[%emt 0:02:41]} 33. Kg1 {[%emt 0:00:39]} Nd4 {[%emt 0:02:08]} 34. Rd7 {[%emt 0:02:19]} Ne2+ {[%emt 0:01:42]} 35. Kg2 {[%emt 0:00:10]} Rh2+ {[%emt 0:00:07]} 36. Kf3 {[%emt 0:00:10]} Kg6 {[%emt 0:01:15]} 37. Rd2 {[%emt 0:00:43]} Bxe1 {[%emt 0:00:43]} 38. Rxe1 {[%emt 0:00:52]} Kf5 {[%emt 0:01:02]} 39. Rdxe2 {[%emt 0:01:24]} Rh3+ {[%emt 0:00:07]} 40. Kf2 {[%emt 0:00:20]} e5 {[%emt 0:00:20]} 41. Rb1 {[%emt 0:00:30]} f3 {[%emt 0:00:39]} 42. Re3 {[%emt 0:01:24]} Kf4 {[%emt 0:00:07]} 43. Rbb3 {[%emt 0:00:42]} e4 {[%emt 0:00:13]} 44. c5 {[%emt 0:00:33]} Rh2+ {[%emt 0:00:42]} 45. Ke1 {[%emt 0:00:36]} Rh1+ {[%emt 0:01:00]} 46. Kf2 {[%emt 0:00:11]} Rh2+ {[%emt 0:00:14]} 47. Ke1 {[%emt 0:00:42]} Rh1+ {[%emt 0:00:36]} 48. Kf2 {[%emt 0:00:18]} Rh2+ {[%emt 0:00:47]} 49. Ke1 {[%emt 0:00:22]} Rh1+ {[%emt 0:00:06]} 1/2-1/2

[Event "Kerkinitida 2021"]
[Site "Yevpatoria"]
[Date "2021.10.24"]
[Round "6.7"]
[White "Cherunov, Svyatoslav"]
[Black "Samson, Anna Rao. T"]
[Result "1-0"]
[WhiteElo "1240"]
[BlackElo "1573"]
[Annotator "NA"]
[PlyCount "125"]
[EventDate "2021.10.19"]
[EventType "swiss"]
[SourceTitle "playchess.com"]
[Source "ChessBase"]
[SourceQuality "1"]
[TimeControl "5400+30"]

1. e4 {[%emt 0:00:04]} e5 {[%emt 0:00:05]} 2. Nf3 {[%emt 0:00:06]} Nc6 {[%emt 0:00:11]} 3. Bc4 {[%emt 0:00:05]} h6 {[%emt 0:00:15]} 4. Nc3 {[%emt 0:00:09]} Nf6 {[%emt 0:00:06]} 5. d3 {[%emt 0:00:05]} Bb4 {[%emt 0:00:09]} 6. Bd2 {[%emt 0:00:13]} d6 {[%emt 0:00:47]} 7. h3 {[%emt 0:00:07]} Qe7 {[%emt 0:00:15]} 8. Nd5 {[%emt 0:00:29]} Bxd2+ {[%emt 0:00:19]} 9. Qxd2 {[%emt 0:00:14]} Nxd5 {[%emt 0:00:07]} 10. Bxd5 {[%emt 0:00:14]} Nd4 {[%emt 0:01:06]} 11. Nxd4 {[%emt 0:00:20]} exd4 {[%emt 0:00:10]} 12. O-O {[%emt 0:00:13]} O-O {[%emt 0:00:31]} 13. c3 {[%emt 0:00:07]} c6 {[%emt 0:00:08]} 14. Bb3 {[%emt 0:00:15]} Qf6 {[%emt 0:00:29]} 15. cxd4 {[%emt 0:00:57]} Qxd4 {[%emt 0:00:17]} 16. Qc3 {[%emt 0:00:09]} Qxc3 {[%emt 0:00:28]} 17. bxc3 {[%emt 0:00:12]} Be6 {[%emt 0:00:09]} 18. f4 {[%emt 0:00:23]} Rad8 {[%emt 0:00:21]} 19. f5 {[%emt 0:00:16]} Bxb3 {[%emt 0:00:18]} 20. axb3 {[%emt 0:00:05]} g6 {[%emt 0:00:13]} 21. Rxa7 {[%emt 0:00:25]} Rd7 {[%emt 0:00:33]} 22. Rf3 {[%emt 0:01:08]} Rb8 {[%emt 0:00:57]} 23. Kf2 {[%emt 0:00:31]} d5 {[%emt 0:00:13]} 24. exd5 {[%emt 0:00:52]} Rxd5 {[%emt 0:00:14]} 25. g4 {[%emt 0:00:57]} gxf5 {[%emt 0:00:13]} 26. gxf5 {[%emt 0:00:21]} b5 {[%emt 0:00:31]} 27. f6 {[%emt 0:00:28]} b4 {[%emt 0:01:03]} 28. c4 {[%emt 0:00:09]} Rd4 {[%emt 0:00:32]} 29. Rg3+ {[%emt 0:00:17]} Kf8 {[%emt 0:00:31]} 30. Ke3 {[%emt 0:00:38]} Rbd8 {[%emt 0:00:11]} 31. Kd2 {[%emt 0:00:34]} h5 {[%emt 0:00:28]} 32. Rg7 {[%emt 0:00:15]} Rxd3+ {[%emt 0:00:18]} 33. Ke2 {[%emt 0:00:39]} R3d7 {[%emt 0:03:00]} 34. Rxd7 {[%emt 0:00:55]} Rxd7 {[%emt 0:00:08]} 35. Rh7 {[%emt 0:00:06]} Kg8 {[%emt 0:00:24]} 36. Rxh5 {[%emt 0:00:12]} Rd6 {[%emt 0:00:20]} 37. Rg5+ {[%emt 0:00:54]} Kf8 {[%emt 0:01:20]} 38. Rf5 {[%emt 0:00:25]} Ke8 {[%emt 0:00:21]} 39. c5 {[%emt 0:00:34]} Re6+ {[%emt 0:00:38]} 40. Kd3 {[%emt 0:00:07]} Kd7 {[%emt 0:00:15]} 41. Rf4 {[%emt 0:00:22]} Kc7 {[%emt 0:02:01]} 42. Kc4 {[%emt 0:00:21]} Re3 {[%emt 0:00:07]} 43. h4 {[%emt 0:00:16]} Kd7 {[%emt 0:00:39]} 44. Kxb4 {[%emt 0:00:06]} Ke6 {[%emt 0:00:17]} 45. Ka4 {[%emt 0:01:36]} Kd5 {[%emt 0:00:25]} 46. Rg4 {[%emt 0:04:50]} Rf3 {[%emt 0:00:47]} 47. b4 {[%emt 0:02:43]} Rxf6 {[%emt 0:00:20]} 48. h5 {[%emt 0:00:14]} Rh6 {[%emt 0:00:09]} 49. Rh4 {[%emt 0:00:23]} Ke5 {[%emt 0:00:11]} 50. b5 {[%emt 0:00:27]} cxb5+ {[%emt 0:00:09]} 51. Kxb5 {[%emt 0:00:05]} Kd5 {[%emt 0:00:07]} 52. Rf4 {[%emt 0:03:07]} Rxh5 {[%emt 0:00:17]} 53. Rxf7 {[%emt 0:00:11]} Kd4 {[%emt 0:00:18]} 54. Rd7+ {[%emt 0:01:06]} Ke5 {[%emt 0:00:18]} 55. c6 {[%emt 0:01:16]} Ke6+ {[%emt 0:00:31]} 56. Kb6 {[%emt 0:00:14]} Rf5 {[%emt 0:00:13]} 57. Rd2 {[%emt 0:00:34]} Rf8 {[%emt 0:00:17]} 58. c7 {[%emt 0:00:34]} Rf7 {[%emt 0:00:30]} 59. c8=Q+ {[%emt 0:02:36]} Ke5 {[%emt 0:00:19]} 60. Qe8+ {[%emt 0:00:25]} Kf6 {[%emt 0:00:09]} 61. Rf2+ {[%emt 0:00:36]} Kg5 {[%emt 0:00:15]} 62. Qg8+ {[%emt 0:00:46]} Kh4 {[%emt 0:00:15]} 63. Rg2 {[%emt 0:00:41]} 1-0

[Event "Kerkinitida 2021"]
[Site "Yevpatoria"]
[Date "2021.10.24"]
[Round "6.8"]
[White "Aryslanov, Leonidas"]
[Black "Grinivetskii, Mark"]
[Result "0-1"]
[WhiteElo "1121"]
[BlackElo "1350"]
[Annotator "NA"]
[PlyCount "55"]
[EventDate "2021.10.19"]
[EventType "swiss"]
[SourceTitle "playchess.com"]
[Source "ChessBase"]
[SourceQuality "1"]
[TimeControl "5400+30"]

1. e4 {[%emt 0:00:07]} e5 {[%emt 0:00:03]} 2. Nf3 {[%emt 0:00:33]} Nc6 {[%emt 0:00:09]} 3. Nc3 {[%emt 0:01:10]} Nf6 {[%emt 0:00:02]} 4. Bc4 {[%emt 0:00:49]} Bb4 {[%emt 0:00:17]} 5. d3 {[%emt 0:00:40]} h6 {[%emt 0:00:12]} 6. a3 {[%emt 0:00:26]} Bxc3+ {[%emt 0:00:19]} 7. bxc3 {[%emt 0:00:09]} d6 {[%emt 0:00:03]} 8. O-O {[%emt 0:00:30]} Bg4 {[%emt 0:00:09]} 9. h3 {[%emt 0:01:11]} Bh5 {[%emt 0:00:07]} 10. Rb1 {[%emt 0:00:51]} Rb8 {[%emt 0:00:15]} 11. Be3 {[%emt 0:00:29]} d5 {[%emt 0:00:51]} 12. exd5 {[%emt 0:01:07]} Nxd5 {[%emt 0:00:06]} 13. Bxd5 {[%emt 0:01:06]} Qxd5 {[%emt 0:00:13]} 14. g4 {[%emt 0:01:06]} Bg6 {[%emt 0:00:18]} 15. c4 {[%emt 0:00:56]} Qe6 {[%emt 0:00:17]} 16. Re1 {[%emt 0:01:13]} O-O {[%emt 0:00:41]} 17. Qd2 {[%emt 0:07:31]} f5 {[%emt 0:01:14]} 18. gxf5 {[%emt 0:03:01]} Qxf5 {[%emt 0:01:16]} 19. Nh4 {[%emt 0:04:34]} Qxh3 {[%emt 0:00:31]} 20. Nxg6 {[%emt 0:00:24]} Qg4+ {[%emt 0:00:09]} 21. Kh1 {[%emt 0:04:22]} Rf3 {[%emt 0:00:54]} 22. Bf4 {[%emt 0:04:14]} exf4 {[%emt 0:00:38]} 23. Nxf4 {[%emt 0:00:10]} Rxf4 {[%emt 0:00:27]} 24. Re3 {[%emt 0:02:11]} Nd4 {[%emt 0:01:18]} 25. Rg3 {[%emt 0:01:16]} Qh4+ {[%emt 0:00:38]} 26. Kg2 {[%emt 0:00:30]} Rbf8 {[%emt 0:00:55]} 27. Rf1 {[%emt 0:00:58]} Nf3 {[%emt 0:00:32]} 28. Rh1 {[%emt 0:01:04]} 0-1

[Event "Kerkinitida 2021"]
[Site "Yevpatoria"]
[Date "2021.10.25"]
[Round "7.1"]
[White "Demidov, Mikhail"]
[Black "Triapishko, Alexandr"]
[Result "0-1"]
[WhiteElo "2551"]
[BlackElo "2506"]
[Annotator "TA"]
[PlyCount "74"]
[EventDate "2021.10.19"]
[EventType "swiss"]
[SourceTitle "playchess.com"]
[Source "ChessBase"]
[SourceQuality "1"]

{[%evp 13,74,11,8,-15,-29,-41,-45,-46,-39,-37,-29,-42,-52,-73,-58,-69,-79,-106,-69,-102,-37,-43,-37,-38,-39,-92,-94,-82,-84,-81,-76,-95,-67,-107,-53,-89,-97,-141,-139,-214,-202,-196,-211,-194,-184,-210,-212,-965,-973,-959,-954,-940,-927,-902,-872,-668,-661,-29995,-29994,-29995,-29995,-29995,-29996]} 1. g3 c5 2. Bg2 g6 3. f4 Bg7 4. Nf3 Nc6 5. O-O e6 6. e4 Nge7 7. d3 O-O 8. e5 {B20: Sicilian: Unusual White 2nd moves.} d6 9. exd6 Qxd6 10. Nbd2 {[%cal Bb1d2,Bd2c4,Bc4e5][%mdl 32] Black is slightly better.} b6 {[#]} 11. Nc4 $146 ({Predecessor:} 11. Rb1 Bb7 12. Nc4 Qc7 13. Re1 Rfd8 14. a3 Nf5 15. Bd2 b5 16. Nce5 Rac8 17. Nxc6 Bxc6 {0-1 (38) Whitworth,P (2024)-Guthrie,D (2165) West Bromwich 2004}) 11... Qc7 12. Be3 Ba6 13. Nce5 Rad8 14. b3 Nf5 ({But not} 14... Bxe5 15. fxe5 Nxe5 16. Bf4 $11) 15. Bf2 Bb7 {[%cal Rc6e5]} 16. Re1 Nfd4 (16... Nxe5 $17 17. Nxe5 f6) 17. Bxd4 $15 cxd4 18. Nxc6 $1 Bxc6 19. Ng5 (19. a4 $15) 19... Bxg2 $17 20. Kxg2 Qc6+ 21. Kg1 Rd5 22. a4 Rc8 23. Ra2 a6 ({Better is} 23... e5 $17 24. fxe5 Bxe5) 24. Re2 e5 25. fxe5 Bh6 $1 {[%cal Rh6g5]} ({Don't take} 25... Rxe5 26. Rxe5 Bxe5 27. Qf3 $15) 26. Nf3 (26. h4 $17 {might work better.}) 26... Be3+ $19 27. Rxe3 dxe3 28. Qe2 {[#]} Qc3 $1 29. Qxe3 {[#]} Re8 $1 30. Qxb6 $2 (30. Qd2 Qxd2 31. Nxd2 Rdxe5 32. Nf3) 30... Rdxe5 31. Nxe5 Rxe5 {[%mdl 4096] Endgame KQR-KQR} ({Weaker is} 31... Qe1+ 32. Kg2 $14) 32. Qf2 Re1+ 33. Kg2 Qc6+ 34. Kh3 Qe6+ 35. Kh4 Re2 {Black mates.} 36. Qg1 Qf5 {[%csl Gg6][%cal Rf5h5]} 37. g4 g5+ {Weighted Error Value: White=0.62/Black=0.06} 0-1

[Event "Kerkinitida 2021"]
[Site "Yevpatoria"]
[Date "2021.10.25"]
[Round "7.2"]
[White "Truskavetsky, Alexandr"]
[Black "Baranov, Jury"]
[Result "1-0"]
[WhiteElo "2371"]
[BlackElo "2147"]
[Annotator "TA"]
[PlyCount "93"]
[EventDate "2021.10.19"]
[EventType "swiss"]
[SourceTitle "playchess.com"]
[Source "ChessBase"]
[SourceQuality "1"]

{[%evp 9,93,1,69,12,46,47,45,44,55,46,60,40,39,43,52,33,35,35,42,42,30,11,30,16,33,24,26,26,28,28,49,50,42,21,24,23,35,46,35,6,37,0,0,0,28,0,18,19,27,27,60,60,60,60,73,68,73,71,69,68,69,69,127,86,109,107,112,64,526,514,933,157,145,70,100,0,139,0,747,729,1147,1055,1671,1632,2118,2003]} 1. e4 d5 2. exd5 Qxd5 3. Nf3 Bg4 4. Be2 Nc6 5. h3 Bh5 (5... Bxf3 $11 6. Bxf3 Qe6+ 7. Kf1 (7. Qe2 Qxe2+ 8. Bxe2 Nf6 $11) 7... O-O-O) 6. Nc3 {B01: Scandinavian Defence.} (6. d4 $14) 6... Qa5 7. Rb1 e6 8. a3 {[#] Threatens to win with b4.White is slightly better.} Bxf3 9. Bxf3 Qe5+ 10. Qe2 Qxe2+ 11. Nxe2 Nge7 {[#]} 12. g3 $146 ({Predecessor:} 12. b4 O-O-O 13. Bb2 e5 14. d3 a6 15. O-O f6 16. Rfd1 h5 17. d4 exd4 18. Bxd4 {½-½ (38) Gomez Calle,J (2053)-Blanco Perez,D (2082) Andalucia 2018}) 12... O-O-O 13. O-O h5 14. d3 Nf5 15. b4 {[%cal Bb2b4,Bb4b5][%mdl 32]} Be7 16. b5 Ne5 17. Bg2 Bf6 18. a4 {[%cal Ba3a4,Ba4a5,Ba5a6][%mdl 32]} g5 19. Bb2 g4 20. h4 Nd7 21. Bxf6 Nxf6 22. a5 Nd4 23. Nxd4 Rxd4 24. Rfe1 Nd7 25. Re3 Ra4 26. a6 b6 27. c3 Rh6 28. d4 Ra2 29. Rbe1 Rf6 30. R1e2 Rxe2 31. Rxe2 $14 {[%mdl 4096] Endgame KRB-KRN} Rf5 32. c4 Kd8 33. Be4 Rf6 34. Bc6 Nf8 35. Kg2 Ke7 (35... Ng6 $14) 36. f3 Rh6 37. c5 Nd7 38. Rc2 Rf6 $2 {[%mdl 8192] [#]} (38... Rh8 $1 $14) 39. fxg4 $1 $18 hxg4 (39... Rh6 $142 40. gxh5 f5) 40. Be4 $2 (40. Bxd7 $18 {and the rest is easy. Hoping for cxb6.} Kxd7 41. Rf2) 40... Kd8 $16 41. Rd2 (41. c6 $16 Nf8 42. d5) 41... Ke7 42. Rc2 {And now cxb6 would win.} (42. cxb6 {with more complications.} Nxb6 43. Rc2 Kd7 44. Rc5 Kd8 45. Bb7) 42... Kd8 $1 43. Bc6 (43. cxb6 $16 Nxb6 44. Rc5) 43... Rf5 $2 {[%mdl 8192]} (43... Ke7 $11) 44. Bxd7 $18 {White is clearly winning.} Kxd7 45. Rf2 Rd5 46. Rxf7+ Kd8 47. cxb6 {Weighted Error Value: White=0.37/Black=0.33} 1-0